Statistics for 3x3 Math Square

Click here to take the quiz!

General Stats

  • This quiz has been taken 160 times
  • The average score is 9 of 9

Answer Stats

# % Correct
2
99%
8
96%
9
96%
6
95%
1
93%
5
93%
3
93%
7
93%
4
92%

Score Distribution

Percentile by Number Answered

Percent of People with Each Score

Your Score History

You have not taken this quiz